000 00499nam a2200181Ia 4500
005 20250508163915.0
008 008 250505s9999 xx 000 0 hin d
037 _aTextual
040 _aFEDL
_beng
_cFEDL
041 _ahin
_2eng
084 _a303.4, VAG
_qFEDL
100 _aVaghmare Janardan
_9443605
245 0 _aSamaj parivartan kee dishayen
260 _aKanpur, India
_bVikas Prakashan
_c1999
300 _a199p.
942 _cTEXL
_h303.4, VAG
999 _c1385905
_d1385905